LEADER 01017nam a2200253 i 4500 001 000000151204 003 CaOOAMICUS 005 20060623000000.0 008 060623s1978 it u000 u ita u 013 $a128542 040 $aSeMil$bita 100 1 $aBarič, Ottavio,$d<1923-2021>.$0(OLS)http://semarc/name/40469 245 14$aGli Stati Uniti da colonia a superpotenza /$cOttavio Barič. 260 $aMilano :$bMursia,$cCopyr. 1978. 300 $a144 p. ;$c17 cm. 490 0 $aProblemi di storia ;$v30. 500 $aContiene : Bibliografia. 650 4$aStati Uniti d'America - Storia.$0(OLS)http://semarc/subject/2444 830 0$aProblemi di storia ;$v30.$0(OLS)http://semarc/title/13097 850 $aSeMil 852 $aSeMil$W1$xVenegono$y1$m3V I 303$j103234$B103234$CSeMilBibl$Z2$F113616 $81 961 $aOmaggio: Pontiggia don Virginio 996 $6245$aGli Stati Uniti da colonia a superpotenza$9(OLS)http://semarc/title/221012 996 $6260$aMilano :$bMursia$9(OLS)http://semarc/publisher/30230 LEADER 00925nam a2200193 i 4500 001 000000057298 003 CaOOAMICUS 005 19970930000000.0 008 970930n it u000 u ita u 013 $a28470 040 $aSeMil$bita 100 0 $aFilippo : da Cagliari,$c.$0(OLS)http://semarc/name/29104 245 10$aCristo glorificato datore di Spirito Santo :$bnel pensiero di S. Agostino e di S. Cirillo Alessandrino. 600 04$aAgostino, Aurelio .$0(OLS)http://semarc/subject/1856 600 04$aCirillo : Alessandrino .$0(OLS)http://semarc/subject/7300 650 4$aTesi di laurea.$0(OLS)http://semarc/subject/1690 850 $aSeMil 852 $aSeMil$W1$xVenegono$y1$m2I V 243$j23452$B23452$CSeMilBibl$Z2$F23454 $81 996 $6245$aCristo glorificato datore di Spirito Santo :$bnel pensiero di S. Agostino e di S. Cirillo Alessandrino$9(OLS)http://semarc/title/89155